ՀՀ Գիտությունների ազգային ակադեմիայի հիմնարար գիտական գրադարան  =   Fundamental Scientific Library of NAS RA

Ժողովրդական տնտեսության սոցիալիստական պլանավորումը ; : (Record no. 165474)

MARC details
000 -LEADER
fixed length control field 01077nam a2200217 u 4500
001 - CONTROL NUMBER
control field 000455397
003 - CONTROL NUMBER IDENTIFIER
control field AM-YeHGA
005 - DATE AND TIME OF LATEST TRANSACTION
control field 20250618072505.0
008 - FIXED-LENGTH DATA ELEMENTS--GENERAL INFORMATION
fixed length control field 050930s1946 ai r 000 0 arm d
040 ## - CATALOGING SOURCE
Original cataloging agency AM-YeHGA
041 0# - LANGUAGE CODE
Language code of text/sound track or separate title arm
090 ## - LOCALLY ASSIGNED LC-TYPE CALL NUMBER (OCLC); LOCAL CALL NUMBER (RLIN)
-- 166898
100 1# - MAIN ENTRY--PERSONAL NAME
Personal name Թումանյան, Հովհաննես Երանոսի,
Dates associated with a name 1904-1968
9 (RLIN) 1107
245 10 - TITLE STATEMENT
Title Ժողովրդական տնտեսության սոցիալիստական պլանավորումը ; :
Remainder of title Արժեքի օրենքը և փողը սոցիալիզմի ժամանակ : Քաղաքատնտ. դասընթաց /
Statement of responsibility, etc. Հ.Ե. Թումանյան; ՀՍՍՌ Պետ. հեռակա մանկ. ին-տ.
260 ## - PUBLICATION, DISTRIBUTION, ETC.
Place of publication, distribution, etc. Երևան :
Name of publisher, distributor, etc. Հեռակա մանկ. ին-տի հրատ.,
Date of publication, distribution, etc. 1946.
300 ## - PHYSICAL DESCRIPTION
Extent 56 էջ.
500 ## - GENERAL NOTE
General note Ձեռագրի իրավունքով
653 0# - INDEX TERM--UNCONTROLLED
Uncontrolled term Ժողովրդական տնտեսության զարգացում
710 2# - ADDED ENTRY--CORPORATE NAME
Corporate name or jurisdiction name as entry element Պետական հեռակա մանկավարժական ինստիտուտ ՀՍՍՌ
740 02 - ADDED ENTRY--UNCONTROLLED RELATED/ANALYTICAL TITLE
Uncontrolled related/analytical title Արժեքի օրենքը և փողը սոցիալիզմի ժամանակ
Holdings
Withdrawn status Lost status Damaged status Not for loan Collection Home library Current library Date acquired Cost, normal purchase price Total checkouts Full call number Barcode Date last seen Price effective from Koha item type Public note
        General Fundamental Scientific Library Fundamental Scientific Library 28/12/2016 70.00   AII/11310 FL0014816 28/12/2016 28/12/2016 Գրքեր / Books 30 Days Loan
        General Fundamental Scientific Library Fundamental Scientific Library 28/12/2016 70.00   AII/11311 FL0014817 28/12/2016 28/12/2016 Գրքեր / Books 30 Days Loan
        General Fundamental Scientific Library Fundamental Scientific Library 28/12/2016 70.00   AII/11424 FL0014711 28/12/2016 28/12/2016 Գրքեր / Books 30 Days Loan
        General Fundamental Scientific Library Fundamental Scientific Library 28/12/2016     AII/40288 220040288 28/12/2016 28/12/2016 Գրքեր / Books 30 Days Loan
        General Fundamental Scientific Library Fundamental Scientific Library 28/12/2016     AII/40289 220040289 28/12/2016 28/12/2016 Գրքեր / Books 30 Days Loan


ՀՀ ԳԱԱ հիմնարար գիտական գրադարան
ՀՀ,Երևան 0019
Մարշալ Բաղրամյան 24/6
հեռախոս:(374-10) 52-47-50
Հետադարձ կապ

All site content, except where otherwise noted, is licensed under a
Creative Commons License